Splatoon 2 Octo Expansion Quiz - Statistics

General Stats
  • This quiz has been taken 62 times
  • The average score is 9 of 15
Answer Stats
Hint Answer % Correct
Who are you in the DLC? Agent 8
98%
Who finishes off Tarter? Pearl
83%
Do you fight Agent 3? Yes
83%
Who breaks the portal to the "Promised Land"? Agent 3
81%
What animal is the statue that Tartar is in Human
81%
Who do you see when you wake up? Cuttlefish
79%
What is the "portal" to the "Promised Land"? A Blender
77%
What 2 idols are with you? Pearl and Marina
74%
What is the final boss? Commander Tartar
72%
Where are you at first? Deep Sea Metro
68%
What is your first weapon? Octo Shot
62%
Who is the boss of the Metro? CQ Cumber
51%
Where does the final battle take place NILS Statue
19%
Who sanitized the Octolings? Commander Tarter
2%
What happened to the Octarians? (In a Sentence) They Became Sanitized
2%
No matching quizzes found
Score Distribution
Percent of People with Each Score
Percentile by Number Answered
Your Score History
You have not taken this quiz